| 000 | 00660cab a2200253 4500 | ||
|---|---|---|---|
| 001 | ABS60324 | ||
| 008 | 090401t1999 xxu||||| |||| 00| 0 eng d | ||
| 035 | _a(Sirsi) u92240 | ||
| 041 | _aeng | ||
| 100 | _aMoore, L. | ||
| 245 | _aWhen reclamation leads to exemption | ||
| 260 | _c1999 | ||
| 350 | _a0 | ||
| 490 |
_aProperty Week _v64(10) 12 March 1999, 36(1) |
||
| 650 | _aCONTAMINATED LAND | ||
| 650 | _aLAND RECLAMATION | ||
| 650 | _aLANDFILL TAX | ||
| 650 | _aPOLLUTION | ||
| 650 | _aTAYLOR WOODROW CONSTRUCTION (NORTHERN) LTD V COMMISSIONERS OF CUSTOMS | ||
| 650 | _aWASTE REMOVAL | ||
| 690 | _aLAND | ||
| 942 | _n0 | ||
| 948 | _c22/03/1999 | ||
| 999 |
_c58486 _d58486 |
||